Normal view MARC view
  • RASHEED, SHAIK HARUN & DHANAPAL, C.K AND KAUSAR SULTHANA, & SRAVYA, G

Entry Personal Name

Number of records used in: 1

001 - CONTROL NUMBER

  • control field: 8793

003 - CONTROL NUMBER IDENTIFIER

  • control field: JRU

005 - DATE AND TIME OF LATEST TRANSACTION

  • control field: 20251124110127.0

008 - FIXED-LENGTH DATA ELEMENTS

  • fixed length control field: 251124|| aca||aabn | a|a d

040 ## - CATALOGING SOURCE

  • Original cataloging agency: JRU
  • Transcribing agency: JRU

100 ## - HEADING--PERSONAL NAME

  • Personal name: RASHEED, SHAIK HARUN & DHANAPAL, C.K AND KAUSAR SULTHANA, & SRAVYA, G

670 ## - SOURCE DATA FOUND

  • Source citation: Work cat.: (JRU)8970: RASHEED, SHAIK HARUN & DHANAPAL, C.K AND KAUSAR SULTHANA, & SRAVYA, G., PHARMACEUTICAL FORMULATIONS : A PRACTICAL TEXT FOR [3RD YEAR ] D. PHARMA PROGRAMME